[Event "32. Münsterland Open"]
[Site "Senden, Deutschland"]
[Date "2014.10.11"]
[Round "1.1"]
[White "Zaragatski, Ilja"]
[Black "Solberg, Kirsten"]
[Result "1-0"]
[WhiteElo "2472"]
[BlackElo "1964"]
[PlyCount "34"]
[EventDate "2014.??.??"]
[WhiteTeam "SF Katernberg"]
[BlackTeam "SV Unna"]

1. Nf3 c5 2. g3 Nc6 3. c4 Nf6 4. Bg2 g6 5. O-O Bg7 6. d4 cxd4 7. Nxd4 O-O 8.
Nc3 a6 9. c5 Qa5 10. Nb3 Qb4 11. Bg5 Qg4 12. Qd2 Re8 13. h3 Qb4 14. Rfd1 Ne5
15. Bxf6 exf6 16. Qc2 Qc4 17. Bd5 Qxd5 1-0

[Event "32. Münsterland Open"]
[Site "Senden, Deutschland"]
[Date "2014.10.11"]
[Round "1.2"]
[White "Haberkamp, Carl"]
[Black "Podzielny, Karl-Heinz"]
[Result "0-1"]
[WhiteElo "1953"]
[BlackElo "2451"]
[PlyCount "52"]
[EventDate "2014.??.??"]
[WhiteTeam "SK Münster"]
[BlackTeam "SV Letmathe"]

1. d4 Nf6 2. Nf3 e6 3. c4 Bb4+ 4. Bd2 a5 5. g3 d6 6. Bg2 Nbd7 7. O-O e5 8. a3
Bxd2 9. Qxd2 exd4 10. Nxd4 O-O 11. Qc2 a4 12. b4 axb3 13. Qxb3 Re8 14. Nc3 c6
15. Rfd1 Nc5 16. Qc2 Qe7 17. Nxc6 bxc6 18. Bxc6 Bb7 19. Bxe8 Rxe8 20. Rab1 Qe6
21. f3 h5 22. Rb6 Qe3+ 23. Kf1 Nce4 24. Nxe4 Nxe4 25. fxe4 Qxb6 26. Qd3 Re6 0-1

[Event "32. Münsterland Open"]
[Site "Senden, Deutschland"]
[Date "2014.10.11"]
[Round "1.3"]
[White "Karpatchev, Aleksandr"]
[Black "Prang, Andreas"]
[Result "1-0"]
[WhiteElo "2442"]
[BlackElo "1953"]
[PlyCount "55"]
[EventDate "2014.??.??"]
[WhiteTeam "SF Bad Mergentheim"]
[BlackTeam "SV Unser Fritz"]

1. e4 c6 2. d4 d5 3. Nc3 dxe4 4. Nxe4 Nf6 5. Nxf6+ gxf6 6. c3 Qd5 7. Be3 Rg8 8.
Qb3 e6 9. Ne2 Bd6 10. c4 Qa5+ 11. Bd2 Qf5 12. g3 a5 13. Bg2 a4 14. Qe3 Na6 15.
O-O h5 16. d5 Bc5 17. Qf4 Qxf4 18. Nxf4 cxd5 19. cxd5 h4 20. Kh1 e5 21. Rae1
Bd7 22. Nh5 Be7 23. f4 Bg4 24. fxe5 fxe5 25. Rxe5 Bxh5 26. d6 Kd7 27. dxe7 Bg6
28. gxh4 1-0

[Event "32. Münsterland Open"]
[Site "Senden, Deutschland"]
[Date "2014.10.11"]
[Round "1.4"]
[White "Pähtz, Thomas"]
[Black "Raddatz, Uwe"]
[Result "1-0"]
[WhiteElo "2362"]
[BlackElo "1950"]
[PlyCount "57"]
[EventDate "2014.??.??"]
[WhiteTeam "Ilmenauer SV"]
[BlackTeam "SK Münster"]

1. e4 d6 2. d4 g6 3. Nc3 Bg7 4. Be3 Nf6 5. h3 Nbd7 6. Nf3 O-O 7. e5 Ne8 8. Qd2
c5 9. O-O-O cxd4 10. Bxd4 Qa5 11. exd6 Nxd6 12. Bxg7 Kxg7 13. Nd4 Nf6 14. g4
Rd8 15. Nb3 Qb4 16. a3 Qb6 17. g5 Nh5 18. Nd5 Qc6 19. Bg2 Be6 20. Qd4+ f6 21.
gxf6+ exf6 22. Nxf6 Qxg2 23. Nxh5+ Kh6 24. Qg7+ Kxh5 25. Qxh7+ Kg5 26. Rhg1
Qxg1 27. Rxg1+ Kf4 28. Qh4+ Ke5 29. Re1+ 1-0

[Event "32. Münsterland Open"]
[Site "Senden, Deutschland"]
[Date "2014.10.11"]
[Round "1.5"]
[White "Müller, Achim"]
[Black "Dahm, Jochen"]
[Result "0-1"]
[WhiteElo "1947"]
[BlackElo "2282"]
[PlyCount "82"]
[EventDate "2014.??.??"]
[WhiteTeam "Rheinbacher SF"]
[BlackTeam "SG Bochum"]

1. d4 Nf6 2. c4 c5 3. d5 b5 4. Qc2 bxc4 5. e4 d6 6. Bxc4 g6 7. h3 Bg7 8. Nf3
O-O 9. Nc3 Ba6 10. Nd2 Nbd7 11. O-O Nb6 12. b3 Nxc4 13. Nxc4 Nd7 14. Rb1 Nb6
15. Ne2 Rb8 16. Bd2 Qd7 17. Rfd1 Rb7 18. Be3 Nxc4 19. bxc4 Rfb8 20. Rb3 Rb6 21.
Rdb1 Bc8 22. Nc1 e6 23. Nd3 exd5 24. cxd5 Ba6 25. Rxb6 axb6 26. Nb2 b5 27. Nc4
Qc7 28. Qb3 Ra8 29. Na3 b4 30. Nc4 Bxc4 31. Qxc4 Qa5 32. Bf4 Ra6 33. Rd1 Qxa2
34. Qb5 Qa4 35. Qb8+ Bf8 36. Kh2 Ra8 37. Qb7 b3 38. e5 Qxf4+ 39. Kg1 Ra2 40.
Rf1 Qxe5 41. Qxb3 Rb2 0-1

[Event "32. Münsterland Open"]
[Site "Senden, Deutschland"]
[Date "2014.10.11"]
[Round "1.6"]
[White "Kummerow, Heiko"]
[Black "Wehling, Ulrich"]
[Result "1-0"]
[WhiteElo "2266"]
[BlackElo "1944"]
[PlyCount "57"]
[EventDate "2014.??.??"]
[WhiteTeam "Recklinghäuser Läufer-Ost"]
[BlackTeam "SK Münster"]

1. e4 c6 2. d4 d5 3. Nc3 dxe4 4. Nxe4 Nf6 5. Nxf6+ exf6 6. c3 Bd6 7. Bd3 O-O 8.
Qc2 Re8+ 9. Be3 g6 10. O-O-O Qa5 11. Kb1 b5 12. h4 Nd7 13. h5 Nf8 14. Ne2 b4
15. c4 Bf5 16. Bxf5 Qxf5 17. Qxf5 gxf5 18. Rh3 Re4 19. Rf3 Nd7 20. Rxf5 Rae8
21. Nc1 Rg4 22. g3 Kg7 23. Ne2 Rge4 24. Ra5 Ra8 25. Nf4 Kf8 26. Kc2 Ree8 27.
Nd3 Bc7 28. Ra6 Nb8 29. Ra4 1-0

[Event "32. Münsterland Open"]
[Site "Senden, Deutschland"]
[Date "2014.10.11"]
[Round "1.7"]
[White "Distelrath, Oliver"]
[Black "Sazanov, Nikolay E"]
[Result "0-1"]
[WhiteElo "1940"]
[BlackElo "2262"]
[PlyCount "56"]
[EventDate "2014.??.??"]
[WhiteTeam "SV Unser Fritz"]
[BlackTeam "SC Steinfurt"]

1. e4 e6 2. d4 d5 3. Nc3 dxe4 4. Nxe4 b6 5. Nf3 Bb7 6. Bd3 Nc6 7. c3 Qd7 8. Qe2
O-O-O 9. Bb5 Bd6 10. O-O Nf6 11. Bg5 Be7 12. Ne5 Qd5 13. Bxf6 gxf6 14. Nxc6
Bxc6 15. Bxc6 Qxc6 16. a4 Rhg8 17. f3 Rd5 18. b4 a5 19. Rfd1 Rgd8 20. b5 Qd7
21. Nd2 e5 22. Nb3 exd4 23. cxd4 Bc5 24. Nxc5 bxc5 25. b6 cxb6 26. Rdc1 Rxd4
27. Rab1 Kb7 28. h3 Rxa4 0-1

[Event "32. Münsterland Open"]
[Site "Senden, Deutschland"]
[Date "2014.10.11"]
[Round "1.8"]
[White "Torres-Kuckel, Rafael"]
[Black "Füllborn, Dietrich"]
[Result "1-0"]
[WhiteElo "2259"]
[BlackElo "1904"]
[PlyCount "81"]
[EventDate "2014.??.??"]
[WhiteTeam "SV Ahlen"]
[BlackTeam "SC Sendenhorst"]

1. e4 c5 2. Nf3 Nc6 3. Bb5 a6 4. Bxc6 dxc6 5. d3 Bg4 6. h3 Bxf3 7. Qxf3 e5 8.
Qg3 Qf6 9. Bg5 Qe6 10. Nd2 f6 11. Be3 O-O-O 12. a4 h5 13. a5 g5 14. f3 Nh6 15.
Qf2 Nf7 16. Bxc5 Bxc5 17. Qxc5 Qd6 18. Qxd6 Nxd6 19. O-O-O Nb5 20. Nc4 Nd4 21.
c3 Ne2+ 22. Kc2 Nf4 23. Ne3 Ne6 24. Nf5 c5 25. Ne7+ Kc7 26. Nd5+ Kc6 27. Nxf6
Kb5 28. Nd5 Nf4 29. Ne3 Kxa5 30. Nc4+ Kb5 31. Nxe5 Nxg2 32. Rdg1 Rhe8 33. Rxg2
Rxe5 34. Rhg1 Rf8 35. Rxg5 Rxg5 36. Rxg5 Rxf3 37. Rxh5 Ka4 38. Rxc5 Rf2+ 39.
Kc1 Kb3 40. Rc4 Rf1+ 41. Kd2 1-0

[Event "32. Münsterland Open"]
[Site "Senden, Deutschland"]
[Date "2014.10.11"]
[Round "1.9"]
[White "Ewert, Stefan"]
[Black "Webb, Laurence"]
[Result "0-1"]
[WhiteElo "1894"]
[BlackElo "2241"]
[PlyCount "60"]
[EventDate "2014.??.??"]
[WhiteTeam "SV Hellern"]
[BlackTeam "SK Münster"]

1. d4 Nf6 2. Nf3 c5 3. g3 cxd4 4. Nxd4 d5 5. Bg2 e5 6. Nf3 Nc6 7. O-O Be7 8. b3
O-O 9. Bb2 Qc7 10. Nbd2 Rd8 11. Rc1 Bg4 12. c4 d4 13. Ne1 Nb4 14. a3 Na2 15.
Rc2 Nc3 16. Bxc3 dxc3 17. Rxc3 Bxa3 18. Rd3 Bb4 19. Ne4 Nxe4 20. Bxe4 Kh8 21.
Nc2 Bc5 22. Rxd8+ Rxd8 23. Bd5 a5 24. Qd2 h6 25. Ra1 b6 26. e3 Bf3 27. h3 Qd7
28. Kh2 Bxd5 29. cxd5 Qxd5 30. Qc1 Qxb3 0-1

[Event "32. Münsterland Open"]
[Site "Senden, Deutschland"]
[Date "2014.10.11"]
[Round "1.10"]
[White "Seegers, Hendrik"]
[Black "Ramien, David"]
[Result "1-0"]
[WhiteElo "2200"]
[BlackElo "1887"]
[PlyCount "83"]
[EventDate "2014.??.??"]
[WhiteTeam "SF Neuenkirchen"]
[BlackTeam "SG Porz"]

1. d4 Nf6 2. Nf3 g6 3. c4 Bg7 4. Nc3 O-O 5. e3 d6 6. Be2 Nbd7 7. O-O e5 8. dxe5
dxe5 9. b3 c6 10. Ba3 Re8 11. Qc2 Qa5 12. Bd6 e4 13. b4 Qd8 14. Nd2 Nb6 15. Bc5
Qc7 16. h3 h5 17. Rac1 Bf5 18. Rfd1 g5 19. Nf1 Nc8 20. Ng3 Bg6 21. Rd2 h4 22.
Nf1 b6 23. Bd4 Nd6 24. Rcd1 Rad8 25. c5 bxc5 26. Bxc5 Nc8 27. Bd4 Qe7 28. Qa4
Nb6 29. Qxc6 Rc8 30. Qb5 Nfd7 31. Bxg7 Kxg7 32. Rxd7 Nxd7 33. Rxd7 Qe6 34. Bg4
Qe5 35. Qxe5+ Rxe5 36. Rxf7+ Bxf7 37. Bxc8 a5 38. a3 axb4 39. axb4 Kf6 40. Nd2
Bg6 41. Bb7 Re8 42. Bxe4 1-0

[Event "32. Münsterland Open"]
[Site "Senden, Deutschland"]
[Date "2014.10.11"]
[Round "1.19"]
[White "Melkert, Tim"]
[Black "Gutman, Lev"]
[Result "0-1"]
[WhiteElo "1952"]
[BlackElo "2415"]
[PlyCount "60"]
[EventDate "2014.??.??"]
[WhiteTeam "Schach Nienberge"]
[BlackTeam "SV Lingen"]

1. e4 c5 2. Nf3 d6 3. c3 Nf6 4. Qc2 g6 5. d4 cxd4 6. cxd4 Bg7 7. Nc3 O-O 8. h3
Nc6 9. d5 Nb4 10. Qb3 a5 11. a3 Na6 12. Bxa6 Rxa6 13. O-O Nd7 14. Be3 Nc5 15.
Qc4 Bd7 16. Bxc5 Qc7 17. e5 Qxc5 18. Qh4 dxe5 19. Ne4 Qc8 20. Rac1 Qd8 21. Rc3
Rb6 22. Rfc1 Rxb2 23. Nc5 h6 24. Nxd7 Qxd7 25. Rc7 Qxd5 26. Rxe7 Qd6 27. Rcc7
Rb1+ 28. Kh2 e4+ 29. g3 Qd1 30. Qxe4 Qh1# 0-1

[Event "32. Münsterland Open"]
[Site "Senden, Deutschland"]
[Date "2014.10.12"]
[Round "2.1"]
[White "Comes, Bruno"]
[Black "Zaragatski, Ilja"]
[Result "0-1"]
[WhiteElo "2136"]
[BlackElo "2472"]
[PlyCount "88"]
[EventDate "2014.??.??"]
[WhiteTeam "SC Wittlich"]
[BlackTeam "SF Katernberg"]

1. e4 e6 2. d4 d5 3. Nc3 Nc6 4. Nf3 Nf6 5. e5 Ne4 6. Bd3 Bb4 7. Bd2 Nxd2 8.
Qxd2 f6 9. a3 Bxc3 10. Qxc3 fxe5 11. dxe5 Bd7 12. O-O-O Qe7 13. Rhe1 O-O 14.
Qd2 Be8 15. Ng5 h6 16. Nh3 Qh4 17. f4 Nd4 18. Qb4 Nf5 19. Bxf5 Rxf5 20. Qxb7
Qd8 21. Qa6 c6 22. Rd3 Qb6 23. Qxb6 axb6 24. Rb3 Ra6 25. g4 Rf8 26. Rf1 Bg6 27.
Rbf3 Ra7 28. Kd2 Be4 29. R3f2 Raf7 30. Ke3 Bh7 31. c3 c5 32. Ng1 d4+ 33. cxd4
cxd4+ 34. Kxd4 Rd7+ 35. Kc3 Rc8+ 36. Kb3 Bd3 37. Re1 Bc4+ 38. Kb4 Rd4 39. Re3
Rc5 40. Kc3 Rd1 41. Nf3 Bd5+ 42. Kb4 Rc4+ 43. Kb5 Rxf4 44. Rd2 $4 (44. Rc3 Rxg4
45. Nd2 g5 46. Kxb6) 44... Rxf3 0-1

[Event "32. Münsterland Open"]
[Site "Senden, Deutschland"]
[Date "2014.10.12"]
[Round "2.2"]
[White "Podzielny, Karl-Heinz"]
[Black "Haselhorst, Helmut"]
[Result "1-0"]
[WhiteElo "2451"]
[BlackElo "2113"]
[PlyCount "97"]
[EventDate "2014.??.??"]
[WhiteTeam "SV Letmathe"]
[BlackTeam "SC Steinfurt"]

1. d4 Nf6 2. Nf3 g6 3. c4 Bg7 4. Nc3 O-O 5. e4 d6 6. h3 c5 7. d5 e6 8. Bd3 exd5
9. cxd5 b5 10. O-O b4 11. Ne2 Ba6 12. Bxa6 Nxa6 13. Qd3 Nc7 14. Bg5 Qe8 15. Nd2
Qb5 16. Nc4 Rfe8 17. Ng3 Nd7 18. Qc2 Qa6 19. Bf4 Nb5 20. Qd3 Ne5 21. Bxe5 Bxe5
22. Nxe5 Rxe5 23. f4 Ree8 24. Rae1 Qb6 25. Kh2 Rac8 26. Qc4 Nd4 27. e5 $16 Qb5
28. b3 (28. Qc1 $1 c4 $140 29. Ne4 $18) 28... Rcd8 (28... f5 $8 29. exd6 (29.
exf6 Qxc4 30. bxc4 Kf7 31. Ne4 Rcd8 $44) 29... Red8 30. Re7 Rxd6 31. Rxa7 Re8
32. Rc7 Qxc4 33. bxc4 Ra6 $132) 29. Ne4 $18 Qxc4 30. bxc4 Nc2 31. Rc1 Nd4 32.
Nf6+ (32. Nxd6 Re7 33. Ne4 Rc7 34. Rfd1 $18) 32... Kf8 33. Nxe8 Kxe8 34. Rfe1
Kd7 35. Kg3 Rb8 36. Kf2 Rb6 37. Rb1 Ra6 38. Rb2 Ra3 39. Re3 Rxe3 40. Kxe3 a5
41. Kd3 a4 42. g4 g5 43. Rf2 gxf4 44. Rxf4 dxe5 45. Rxf7+ Ke8 46. Rxh7 a3 47.
Ra7 e4+ 48. Kxe4 Ne2 49. Ke5 1-0

[Event "32. Münsterland Open"]
[Site "Senden, Deutschland"]
[Date "2014.10.12"]
[Round "2.3"]
[White "Jacob, Helmut"]
[Black "Karpatchev, Aleksandr"]
[Result "0-1"]
[WhiteElo "2114"]
[BlackElo "2442"]
[PlyCount "80"]
[EventDate "2014.??.??"]
[WhiteTeam "SK Ochtrup"]
[BlackTeam "SF Bad Mergentheim"]

1. e4 e5 2. Nf3 Nc6 3. Nc3 Nf6 4. d4 exd4 5. Nxd4 Bc5 6. Nxc6 bxc6 7. Qf3 Rb8
8. Bd3 O-O 9. O-O Re8 10. Bf4 Bd4 11. Rab1 d6 12. h3 Nd7 13. Bc4 $6 (13. Be3)
13... Qf6 14. Kh2 $2 (14. Be2 $15) 14... Ne5 15. Bxe5 Bxe5+ 16. Kg1 Qxf3 17.
gxf3 Bxh3 $19 18. Rfd1 Be6 19. Bxe6 fxe6 20. Rd3 Rf8 21. Nd1 Rf6 22. b4 a5 23.
a3 c5 24. c3 axb4 25. axb4 c4 26. Re3 Rbf8 27. Nb2 Rxf3 28. Nxc4 Bxc3 $6 (28...
Rxe3 29. Nxe3 Bxc3 $19) 29. Rxf3 Rxf3 30. Rb3 g5 31. b5 $6 (31. Nd2 Rd3 32. Kg2
Rxd2 33. Rxc3 Rd4 34. f3 Rxb4 35. Rxc7 $17) 31... g4 32. Kg2 h5 33. b6 cxb6 34.
Nxd6 h4 35. Nb5 h3+ 36. Kg1 Be5 37. Rxf3 gxf3 38. Na3 Bf4 39. Nc2 b5 40. Nd4 b4
0-1

[Event "32. Münsterland Open"]
[Site "Senden, Deutschland"]
[Date "2014.10.12"]
[Round "2.4"]
[White "Gutman, Lev"]
[Black "Neuer, Thomas"]
[Result "1-0"]
[WhiteElo "2415"]
[BlackElo "2082"]
[PlyCount "43"]
[EventDate "2014.??.??"]
[WhiteTeam "SV Lingen"]
[BlackTeam "SK Münster"]

1. Nf3 d5 2. g3 Bg4 3. Bg2 Nd7 4. d4 Ngf6 5. O-O e6 6. c4 c6 7. cxd5 exd5 8.
Qb3 Qb6 9. Qe3+ Be7 10. b3 Ne4 11. Nbd2 Ndf6 12. Nxe4 Nxe4 13. Ne5 Bf5 14. g4
Bg6 15. f4 f5 16. Bh3 Rf8 17. gxf5 Bxf5 18. Bxf5 Rxf5 19. Qh3 Rf6 (19... Rxe5
$5 20. fxe5 (20. Be3 $5 Nf2 21. Bxf2 Re4 $13) 20... Qxd4+ 21. Be3 Qxe5 22. Qxh7
O-O-O $44) 20. Be3 c5 $4 (20... Bd6 21. Qd7+ Kf8 22. Qg4 Rd8 23. Nd7+ Rxd7 24.
Qxd7 Qa6 $44) 21. Qd7+ Kf8 22. Qxd5 1-0

[Event "32. Münsterland Open"]
[Site "Senden, Deutschland"]
[Date "2014.10.12"]
[Round "2.5"]
[White "Huckebrink, Chris"]
[Black "Pähtz, Thomas"]
[Result "0-1"]
[WhiteElo "2067"]
[BlackElo "2362"]
[PlyCount "58"]
[EventDate "2014.??.??"]
[WhiteTeam "SV Kamen"]
[BlackTeam "Ilmenauer SV"]

1. e4 g6 2. d4 Bg7 3. Be2 d6 4. Nc3 Nf6 5. g4 a6 6. a4 Nc6 7. Be3 e5 8. d5 Nd4
9. Bxd4 $2 exd4 10. Qxd4 O-O 11. Qd3 (11. g5 Nd7 $17) 11... Bxg4 12. Bxg4 Nxg4
13. Qg3 Nf6 14. Nge2 b5 15. f3 Nh5 16. Qg2 Qh4+ (16... b4 17. Nd1 f5 $40) 17.
Qf2 Qh3 18. O-O-O Qd7 19. Nd4 bxa4 20. Nc6 a3 21. e5 axb2+ 22. Kb1 Bxe5 23.
Nxe5 dxe5 24. Qh4 Qd6 25. Rhg1 Qa3 26. Na2 Nf4 27. Rg5 f6 28. Rg3 Rab8 29. Rdg1
Rf7 0-1

[Event "32. Münsterland Open"]
[Site "Senden, Deutschland"]
[Date "2014.10.12"]
[Round "2.6"]
[White "Dahm, Jochen"]
[Black "Starp, Klaus"]
[Result "1/2-1/2"]
[WhiteElo "2282"]
[BlackElo "2050"]
[PlyCount "78"]
[EventDate "2014.??.??"]
[WhiteTeam "SG Bochum"]
[BlackTeam "SV Ahlen"]

1. c4 c5 2. g3 Nc6 3. Bg2 g6 4. Nc3 Bg7 5. Nf3 e5 6. O-O Nge7 7. a3 O-O 8. Rb1
a5 9. Ne1 d6 10. Nc2 Rb8 11. b4 axb4 12. axb4 Bf5 13. d3 cxb4 14. Nxb4 Qd7 15.
Ba3 Rfd8 16. Nbd5 Bh3 17. Nxe7+ $6 (17. Ne4 Nxd5 18. cxd5 Nd4 19. Bxh3 Qxh3 20.
Bxd6 $18) 17... Nxe7 18. Rb6 Nc8 19. Rb5 Bxg2 20. Kxg2 Qc6+ 21. Nd5 Kh8 22. Qb3
Rd7 23. Rb1 Ra8 24. Rxb7 $2 (24. Bc1 b6 25. e4 h5 26. Be3 $16) 24... Rxa3 25.
Rxd7 $6 (25. Qxa3 Rxb7 26. Qa8 Rc7 27. Qa5 Rd7 28. Rb8 Bf8 29. Qb5) 25... Rxb3
26. Rd8+ Bf8 27. Rxb3 Kg7 28. Rb8 Ne7 29. e4 Nxd5 30. exd5 Qa4 31. Rxf8 Qd1 32.
Rg8+ Kh6 33. Rgf8 f5 34. Rf7 Qxd3 35. Rbb7 Qe4+ 36. Kg1 Qe1+ 37. Kg2 Qe4+ 38.
Kg1 Qe1+ 39. Kg2 Qe4+ 1/2-1/2

[Event "32. Münsterland Open"]
[Site "Senden, Deutschland"]
[Date "2014.10.12"]
[Round "2.7"]
[White "Baumann, Stephan"]
[Black "Kummerow, Heiko"]
[Result "0-1"]
[WhiteElo "2043"]
[BlackElo "2266"]
[PlyCount "58"]
[EventDate "2014.??.??"]
[WhiteTeam "SK Münster"]
[BlackTeam "Recklinghäuser Läufer-Ost"]

1. e4 c6 2. Ne2 d6 3. d4 Nf6 4. Nbc3 g6 5. Ng3 Bg7 6. Bd3 e5 7. dxe5 dxe5 8.
O-O Be6 9. Qe2 Nbd7 10. Be3 Ng4 $2 11. Rad1 (11. Bd2 $11) 11... Nxe3 12. Qxe3
O-O 13. Qe2 b5 $17 14. a3 Qe7 15. a4 a6 16. Rfe1 Qb4 17. axb5 axb5 18. Rb1 Nc5
19. Nf1 Rad8 20. Ne3 Nxd3 21. cxd3 Rd6 22. Nc2 Qc5 23. Rbc1 Bh6 24. Ne3 Qb4 25.
Red1 Rfd8 26. Rb1 Bb3 $19 27. Nc2 Qc5 28. Ne3 Bxe3 29. fxe3 b4 0-1

[Event "32. Münsterland Open"]
[Site "Senden, Deutschland"]
[Date "2014.10.12"]
[Round "2.8"]
[White "Sazanov, Nikolay E"]
[Black "Jungbluth, Michael"]
[Result "1-0"]
[WhiteElo "2262"]
[BlackElo "2029"]
[PlyCount "31"]
[EventDate "2014.??.??"]
[WhiteTeam "SC Steinfurt"]
[BlackTeam "SV Unser Fritz"]

1. d4 d6 2. f4 Nf6 3. Nf3 Bg4 4. e3 g6 5. Bc4 Bg7 6. O-O O-O 7. Qe1 Nbd7 8.
Nbd2 Qe8 9. Qh4 e5 $6 (9... Bf5) 10. fxe5 dxe5 11. c3 e4 12. Ng5 h6 13. Ngxe4
Nxe4 14. Qxg4 Ndf6 $2 (14... Nd6 15. Bb3 Kh7 $16) 15. Qxg6 Nd6 16. Qd3 1-0

[Event "32. Münsterland Open"]
[Site "Senden, Deutschland"]
[Date "2014.10.12"]
[Round "2.9"]
[White "Zahn, Alina"]
[Black "Torres-Kuckel, Rafael"]
[Result "0-1"]
[WhiteElo "2024"]
[BlackElo "2259"]
[PlyCount "60"]
[EventDate "2014.??.??"]
[WhiteTeam "SV Empor Erfurt"]
[BlackTeam "SV Ahlen"]

1. e4 d6 2. d4 Nf6 3. Nc3 e5 4. Nf3 Nbd7 5. Bc4 Be7 6. O-O O-O 7. a4 c6 8. Re1
Qc7 9. h3 a5 10. Be3 h6 11. Qe2 Re8 12. d5 $146 (12. Rad1) 12... Nf8 13. Rad1
Ng6 14. Qd3 Bf8 15. Ba2 Bd7 16. dxc6 $6 bxc6 17. Nd2 Rab8 18. Nc4 Be6 19. Bb3
d5 $17 20. exd5 cxd5 21. Nd2 $2 (21. Na3 $8) 21... d4 22. Nb5 Qb7 $19 23. Bxe6
dxe3 24. Bxf7+ Qxf7 25. Rxe3 Rbd8 26. Qf1 Nf4 27. Nb3 N6d5 28. Rg3 e4 29. Re1
Nh5 30. Rg4 Ndf6 0-1

[Event "32. Münsterland Open"]
[Site "Senden, Deutschland"]
[Date "2014.10.12"]
[Round "2.10"]
[White "Webb, Laurence"]
[Black "Stöckmann, Helmut"]
[Result "1-0"]
[WhiteElo "2241"]
[BlackElo "1998"]
[PlyCount "83"]
[EventDate "2014.??.??"]
[WhiteTeam "SK Münster"]
[BlackTeam "SF Neuenkirchen"]

1. e4 c5 2. Nf3 e6 3. c3 Nf6 4. Bd3 d6 5. Bc2 e5 $146 (5... Be7) (5... Nc6) 6.
d4 $14 Nbd7 7. O-O Be7 8. Nbd2 O-O 9. Nc4 Qc7 10. dxe5 dxe5 11. Qe2 Re8 12. a4
b6 13. Ne3 g6 14. Bb3 Rf8 15. Rd1 Bb7 16. Nd5 Nxd5 17. Bxd5 Bxd5 18. Rxd5 Rfe8
19. h3 Bf8 $6 (19... Nf6 20. Rd1 Rad8) 20. Bg5 Bg7 21. Rad1 Nf8 22. Qc4 h6 23.
Be3 Qe7 24. Qa6 f5 25. a5 Rab8 26. axb6 axb6 27. Rd6 f4 28. Bc1 Red8 29. Qc4+
Kh7 30. R6d5 Re8 $6 (30... b5 31. Qe2 c4) 31. b4 cxb4 32. cxb4 g5 $6 33. Bb2
$18 Qf7 34. Qb5 Qg6 35. Bxe5 Bxe5 36. Rxe5 Rxe5 37. Qxe5 Re8 38. Qc7+ Kh8 39.
e5 h5 40. Rd6 Qb1+ 41. Kh2 g4 42. Qf7 1-0

[Event "32. Münsterland Open"]
[Site "Senden, Deutschland"]
[Date "2014.10.12"]
[Round "3.1"]
[White "Zaragatski, Ilja"]
[Black "Sazanov, Nikolay E"]
[Result "1-0"]
[WhiteElo "2472"]
[BlackElo "2262"]
[PlyCount "75"]
[EventDate "2014.??.??"]
[WhiteTeam "SF Katernberg"]
[BlackTeam "SC Steinfurt"]

1. Nf3 d5 2. g3 e6 3. Bg2 f5 $6 4. c4 Nf6 5. O-O c6 6. d3 Bc5 7. Qc2 Nbd7 8.
cxd5 cxd5 9. Nc3 O-O 10. e4 $16 fxe4 11. dxe4 Qe8 12. exd5 exd5 13. Ng5 h6 14.
Bxd5+ Kh8 15. Ne6 Nxd5 16. Nxf8 Qxf8 17. Nxd5 Ne5 18. Be3 (18. Qe4 $142 Nf3+
19. Kh1 Bd7 20. Nf4 Qc8 21. Rd1 Bc6 22. Rd5 Qd7 23. Be3 Ng5 24. Qg2 Bxd5 25.
Qxd5 Qxd5+ 26. Nxd5 Bxe3 27. Nxe3 Ne4 28. Kg2 $16) 18... Nf3+ 19. Kg2 Bd6 20.
Nf4 $2 (20. Bf4 Qf7 21. Qd3 Qh5 22. h4 Bf5 23. Nf6 $1 Nxh4+ 24. gxh4 Qg6+ 25.
Qg3 Bxf4 26. Qxg6 Bxg6 27. Ng4 $14) 20... Bxf4 21. Bxf4 Bf5 22. Qc4 Rc8 $4 (
22... Qe8 $1 23. Kxf3 Qh5+ 24. Ke3 $8 Re8+ 25. Kd2 Rd8+ 26. Kc3 Rc8 $17) 23.
Qd5 $18 Re8 24. Kxf3 Be4+ 25. Qxe4 Rxe4 26. Kxe4 Qe8+ 27. Be5 Qc6+ 28. Ke3 Qb6+
29. Kf4 Qb4+ 30. Kf3 Qc5 31. Rfe1 Qd5+ 32. Re4 Kh7 33. Rae1 g5 34. g4 h5 35. h3
Qd3+ 36. Kg2 hxg4 37. hxg4 Kg6 38. Bc3 1-0

[Event "32. Münsterland Open"]
[Site "Senden, Deutschland"]
[Date "2014.10.12"]
[Round "3.2"]
[White "Torres-Kuckel, Rafael"]
[Black "Podzielny, Karl-Heinz"]
[Result "1/2-1/2"]
[WhiteElo "2259"]
[BlackElo "2451"]
[PlyCount "59"]
[EventDate "2014.??.??"]
[WhiteTeam "SV Ahlen"]
[BlackTeam "SV Letmathe"]

1. e4 c5 2. Nf3 e6 3. c3 Nc6 4. d4 d5 5. exd5 exd5 6. Bb5 Bd6 7. dxc5 Bxc5 8.
O-O Nge7 9. h3 O-O 10. Nbd2 Nf5 11. Nb3 Bb6 12. Bf4 a6 13. Bd3 Qf6 14. Qd2 h6
15. Rfe1 Be6 16. Bxf5 Qxf5 17. Nbd4 Qf6 18. Bg3 Rac8 19. Rac1 Nxd4 20. Nxd4 Rc4
21. Be5 Qg6 22. Kh2 Bd7 23. Re3 Qh5 24. Rce1 Re8 25. Bg3 Rxe3 26. Rxe3 Bxd4 27.
cxd4 Be6 28. Rc3 Qf5 29. b3 Rxc3 30. Qxc3 1/2-1/2

[Event "32. Münsterland Open"]
[Site "Senden, Deutschland"]
[Date "2014.10.12"]
[Round "3.3"]
[White "Karpatchev, Aleksandr"]
[Black "Webb, Laurence"]
[Result "1-0"]
[WhiteElo "2442"]
[BlackElo "2241"]
[PlyCount "85"]
[EventDate "2014.??.??"]
[WhiteTeam "SF Bad Mergentheim"]
[BlackTeam "SK Münster"]

1. e4 e6 2. d4 d5 3. Nd2 Nf6 4. e5 Ne4 5. Bd3 Nxd2 6. Bxd2 c5 7. c3 Nc6 8. Nf3
Qb6 9. O-O Bd7 10. dxc5 Bxc5 11. b4 Be7 12. Re1 h6 13. h4 Qd8 14. h5 Rc8 15. a3
a6 16. Rc1 Na7 17. a4 Nc6 18. Bb1 b5 19. axb5 axb5 20. Qe2 d4 21. Nxd4 Nxd4 22.
cxd4 Bc6 23. Qg4 Bg5 24. Be3 Bb7 25. Rxc8 Bxc8 26. Bd3 O-O 27. Qe4 f5 28. exf6
Qxf6 29. f4 Bh4 30. Rc1 Qf5 31. Qxf5 exf5 32. Bxb5 Bb7 33. Rc7 Be4 34. Bc4+ Kh8
35. d5 Rd8 36. Bd4 Bxd5 37. Bxg7+ Kg8 38. Be2 Re8 39. Be5 Re7 40. Rc5 Be6 41.
b5 Be1 42. b6 Bd2 43. Kf2 1-0

[Event "32. Münsterland Open"]
[Site "Senden, Deutschland"]
[Date "2014.10.12"]
[Round "3.4"]
[White "Seegers, Hendrik"]
[Black "Gutman, Lev"]
[Result "0-1"]
[WhiteElo "2200"]
[BlackElo "2415"]
[PlyCount "92"]
[EventDate "2014.??.??"]
[WhiteTeam "SF Neuenkirchen"]
[BlackTeam "SV Lingen"]

1. d4 Nf6 2. Nf3 g6 3. c4 Bg7 4. Nc3 d5 5. e3 O-O 6. cxd5 Nxd5 7. Bc4 Nb6 8.
Be2 c5 9. dxc5 N6d7 10. Na4 Na6 11. Bxa6 Qa5+ 12. Bd2 Qxa6 13. Rc1 e5 14. e4 f5
15. Qb3+ Kh8 16. Qc4 b5 17. cxb6 axb6 18. Qxa6 Bxa6 19. Rc7 Nf6 20. Ng5 Bd3 21.
Nc3 Ne8 22. Rd7 Bc4 23. b3 Bg8 24. Be3 Nf6 25. Rb7 h6 26. Nf3 Rfc8 27. Na4 Nxe4
28. O-O Rc2 29. Rxb6 g5 30. g3 Rxa2 31. Nc5 Nxc5 32. Bxc5 Bd5 33. Ne1 Rb2 34.
Ng2 Rxb3 35. Rxb3 Bxb3 36. Ne3 Be6 37. Re1 Rc8 38. Bd6 e4 39. Nf1 Rc6 40. Be7
Kh7 41. g4 f4 42. h4 Kg6 43. hxg5 hxg5 44. Rxe4 Bxg4 45. Nd2 Be6 46. Nf3 Bd5
0-1

[Event "32. Münsterland Open"]
[Site "Senden, Deutschland"]
[Date "2014.10.12"]
[Round "3.5"]
[White "Pähtz, Thomas"]
[Black "Steinle, Carsten"]
[Result "1/2-1/2"]
[WhiteElo "2362"]
[BlackElo "2141"]
[PlyCount "107"]
[EventDate "2014.??.??"]
[WhiteTeam "Ilmenauer SV"]
[BlackTeam "SV Ahlen"]

1. e4 e6 2. d4 d5 3. Nc3 Nf6 4. e5 Nfd7 5. f4 c5 6. Nf3 Nc6 7. Be3 a6 8. Qd2 b5
9. a3 Rb8 10. Ne2 Qa5 11. Qxa5 Nxa5 12. b3 c4 13. Bd2 Nc6 14. g4 Be7 15. Ng3 f6
16. Bg2 fxe5 17. dxe5 O-O 18. h4 cxb3 19. cxb3 Nc5 20. f5 Nxb3 21. Ra2 Nxd2 22.
Kxd2 exf5 23. gxf5 Bxf5 24. Nxf5 Rxf5 25. Re1 Rbf8 26. Rc2 Na5 27. Rc7 Bxa3 28.
Kd3 Nc4 29. e6 Bd6 30. Rd7 Bb4 31. Re2 Rxf3+ 32. Bxf3 Rxf3+ 33. Kd4 Rf4+ 34.
Kd3 Nd6 35. Rd8+ Rf8 36. e7 Re8 37. Rf2 g6 38. Rf8+ Kg7 39. Rfxe8 Nxe8 40. Rxe8
Kf7 41. Rh8 Bxe7 42. Rxh7+ Ke6 43. Rh6 Kf5 44. h5 gxh5 45. Rxh5+ Ke6 46. Rh8 a5
47. Rb8 a4 48. Rxb5 a3 49. Rb6+ Ke5 50. Ra6 Bc5 51. Ra4 Kd6 52. Ra6+ Ke5 53.
Ra5 Kd6 54. Ra6+ 1/2-1/2